Entry Personal Name
Number of records used in: 4
001 - CONTROL NUMBER
003 - CONTROL NUMBER IDENTIFIER
005 - DATE AND TIME OF LATEST TRANSACTION
- control field:
20191224131426.0
008 - FIXED-LENGTH DATA ELEMENTS
- fixed length control field:
830523n| acannaab |n aaa
010 ## - LIBRARY OF CONGRESS CONTROL NUMBER
- LC control number:
n 83138560
- Canceled/invalid LC control number:
n 00099591
040 ## - CATALOGING SOURCE
- Original cataloging agency:
DLC
- Transcribing agency:
DLC
- Modifying agency:
DLC
100 1# - HEADING--PERSONAL NAME
- Personal name:
Startz, Richard,
- Dates associated with a name:
1952-
670 ## - SOURCE DATA FOUND
- Source citation:
His 8087 applications and programming for the IBM PC and other PCs, 1983:
- Information found:
CIP t.p. (Richard Startz) CIP data sheet (b. 7-19-52)
670 ## - SOURCE DATA FOUND
- Source citation:
Macroeconomics, c1998:
- Information found:
CIP t.p. (Richard Startz; Dept. of Eco., Univ. of Wash.)
670 ## - SOURCE DATA FOUND
- Source citation:
Phone call to the pub., 07-22-97
- Information found:
(Richard Startz; also writes books on computers)